000 00495nam a2200181Ia 4500
003 GCL
008 140319s9999 xx 000 0 eng d
040 _aGCL /
_cGCL
082 0 4 _a614.592
_bB L
100 1 _aBRUNDRETT, G. W.
245 1 0 _aLEGIONELLA AND BUILDING SERVICE /
_cBRUNDRETT, G. W.
260 _a[S.N] :
_bBUTTERWORTH HEINEMANN ،
_c1992
300 _a410 P
650 0 4 _aBUILDINGS
650 0 4 _aSANITARY ENGINEERING TROPICS
650 0 4 _aLEGIONNAIRES DISEASE
942 _2ddc
_cBK
999 _c21246
_d21246